Marvel Comic Movies Quiz Stats

 Plays Quiz Updated Aug 2, 2019

Score 0/56 Timer 07:00
47 Plays Today
Year Answer % Correct
2002Spider-Man
94.4%
2012The Avengers
93.5%
2013Iron Man 3
92.4%
2019Spider-Man: Far From Home
91%
2015Avengers: Age of Ultron
90.6%
2004Spider-Man 2
89.6%
2008Iron Man
89.2%
2007Spider-Man 3
88.4%
2013Thor: The Dark World
87.8%
2003Hulk
87.7%
2014Captain America: The Winter Soldier
86.5%
2000X-Men
85%
2015Ant-Man
80.6%
2017Spider-Man: Homecoming
80.4%
2019Avengers: Endgame
79.8%
2003X2: X-Men United
79.5%
2006X-Men: The Last Stand
78%
2012The Amazing Spider-Man
77.7%
2016Captain America: Civil War
77.2%
2008The Incredible Hulk
76.2%
2014Guardians of the Galaxy
75.1%
2013The Wolverine
70.4%
2014The Amazing Spider-Man 2
70.2%
2005Fantastic Four
70.2%
2015Fantastic Four
67.7%
2016Deadpool
67.6%
2017Thor: Ragnarok
64.2%
2017Logan
63.2%
Year Answer % Correct
2014X-Men: Days of Future Past
62.9%
2018Deadpool 2
61.7%
2003Daredevil
61.3%
2007Fantastic Four: Rise of the Silver Surfer
60.3%
2016X-Men: Apocalypse
59.4%
2016Doctor Strange
56.5%
2009X-Men Origins: Wolverine
56.3%
2017Guardians of the Galaxy Vol. 2
56%
2011Captain America: The First Avenger
55%
2011Thor
54.6%
2010Iron Man 2
54.6%
2018Ant-Man and the Wasp
54.2%
2018Black Panther
54%
2018Avengers: Infinity War
52.1%
2018Venom
47.3%
2004The Punisher
46.5%
2005Elektra
43.9%
1998Blade
42.6%
2018Spider-Man: Into the Spider-Verse
41.3%
2002Blade II
39.9%
2004Blade: Trinity
38.5%
2007Ghost Rider
37.2%
2011X-Men: First Class
36.3%
2011Ghost Rider: Spirit of Vengeance
34.2%
2019Dark Phoenix
33.6%
2019Captain Marvel
28.7%
2008Punisher: War Zone
22.1%
2014Big Hero 6
21.6%

You're not logged in!

Compare scores with friends on all Sporcle quizzes.
OR
Log In

Sporcle TV

Today on Sporcle TV


Watch our educational content, quiz creation guides, and fun videos on Sporcle TV.

Show Comments

Extras

Top Quizzes Today


Score Distribution

Your Account Isn't Verified!

In order to create a playlist on Sporcle, you need to verify the email address you used during registration. Go to your Sporcle Settings to finish the process.

Report this User

Report this user for behavior that violates our Community Guidelines.

Details: